Money and banking / (Record no. 351612)

000 -LEADER
fixed length control field 00832pam a2200289 a 4500
001 - CONTROL NUMBER
control field 1406098
003 - CONTROL NUMBER IDENTIFIER
control field OSt
005 - DATE AND TIME OF LATEST TRANSACTION
control field 20180116183050.0
008 - FIXED-LENGTH DATA ELEMENTS--GENERAL INFORMATION
fixed length control field 830610s1984 nyua b 001 0 eng
010 ## - LIBRARY OF CONGRESS CONTROL NUMBER
LC control number 83012074
020 ## - INTERNATIONAL STANDARD BOOK NUMBER
International Standard Book Number 0070389616
Terms of availability $24.95 (est.)
040 ## - CATALOGING SOURCE
Original cataloging agency DLC
Transcribing agency DLC
Modifying agency DLC
050 00 - LIBRARY OF CONGRESS CALL NUMBER
Classification number HG221
Item number .L882 1984
082 00 - DEWEY DECIMAL CLASSIFICATION NUMBER
Classification number 332.1 LUC 1984
Edition number 19
100 1# - MAIN ENTRY--PERSONAL NAME
Personal name Luckett, Dudley G.
245 10 - TITLE STATEMENT
Title Money and banking /
Statement of responsibility, etc. Dudley G. Luckett.
250 ## - EDITION STATEMENT
Edition statement 3rd ed.
260 ## - PUBLICATION, DISTRIBUTION, ETC.
Place of publication, distribution, etc. New York :
Name of publisher, distributor, etc. McGraw-Hill,
Date of publication, distribution, etc. c1984.
300 ## - PHYSICAL DESCRIPTION
Extent xvii, 584 p. :
Other physical details ill. ;
Dimensions 25 cm.
Accompanying material PB
440 ## - SERIES STATEMENT/ADDED ENTRY--TITLE
Title Money and banking /
504 ## - BIBLIOGRAPHY, ETC. NOTE
Bibliography, etc. note Includes bibliographical references and index.
650 #0 - SUBJECT ADDED ENTRY--TOPICAL TERM
Topical term or geographic name entry element Money.
650 #0 - SUBJECT ADDED ENTRY--TOPICAL TERM
Topical term or geographic name entry element Monetary policy.
650 #0 - SUBJECT ADDED ENTRY--TOPICAL TERM
Topical term or geographic name entry element Banks and banking.
906 ## - LOCAL DATA ELEMENT F, LDF (RLIN)
a 7
b cbc
c orignew
d 1
e ocip
f 19
g y-gencatlg
942 ## - ADDED ENTRY ELEMENTS (KOHA)
Source of classification or shelving scheme
Koha item type Book
Holdings
Withdrawn status Lost status Source of classification or shelving scheme Damaged status Not for loan Collection code Permanent Location Current Location Shelving location Date acquired Total Checkouts Full call number Barcode Date last seen Date last checked out Price effective from Koha item type
            Central Library (CL) Central Library (CL) General Stacks 08/12/2016 2 332.1 LUC 1984 NBSD-2677 11/22/2017 07/31/2017 08/12/2016 Book
© 2023 Central Library, National University of Sciences and Technology. All Rights Reserved.